000 00607 a2200193 4500
999 _c7753
_d7753
010 _aENG-88178
020 _c320.00
_a8178296888
035 _aEN-71711
037 _bDBAD / PUB
082 1 4 _a158.7
100 _aDalip Singh
245 1 _aEmotional intelligence at work:
_cby Dalip Singh
_ba professional guide/
250 _a3rd ed
260 _aNew Delhi
_bResponse (Sage Publications)
_c2006
270 _aB-42, Panchsheel Enclave,
_bNew Delhi
_e110 017
300 _a235p.
_c22cm (Hb)
500 _aIncludes bibliographical references and index
942 _adpl
_cEN
_2ddc
_h158.7
_mDAL